| 000 | 00675nam a2200253Ia 4500 | ||
|---|---|---|---|
| 003 | OSt | ||
| 005 | 20220918210929.0 | ||
| 006 | a|||||r|||| 00| 0 | ||
| 007 | ta | ||
| 008 | 220917b |||||||| |||| 00| 0 eng d | ||
| 024 | _a122,627 | ||
| 037 | _cTextual | ||
| 040 |
_aARTS _cARTS _beng |
||
| 041 |
_2eng _aeng |
||
| 082 | _aWxL48, M1 | ||
| 100 |
_aHume L J _9119593 |
||
| 245 | 0 | _aBentham and bureaucracy | |
| 260 |
_aCambridge _bCUP _c1981 |
||
| 300 |
_axi,320p. _ccm. |
||
| 490 | _aCambridge studies in the history and theory of politics | ||
| 650 | _aPOLITICAL SCIENCE | ||
| 942 |
_hWxL48, M1 _cTEXL _2CC |
||
| 999 |
_c245816 _d245816 |
||